00301nam a2200109Ia 4500008004000000082001300040100003000053245003800083260004600121300000800167650001600175210210b1996 xxu||||| |||| 00| 0 eng d a030 ENCY aENCYCLOPAEDIA BRITANNICA. aBritannica book of the year.1996. aChicago.bEncyclopaedia Britannica,c1996 a928 aYear Book